[Event "URS-chT Cup 11th"]
[Site "Rostov on Don"]
[Date "1980.05.??"]
[Round "3.2"]
[White "Vaganian, Rafael A"]
[Black "Kuzmin, Gennadi P"]
[Result "1/2-1/2"]
[WhiteElo "2600"]
[BlackElo "2530"]
[Annotator "Primel,D"]
[PlyCount "91"]
[EventDate "1980.05.23"]
[EventType "team-tourn"]
[EventRounds "7"]
[EventCountry "URS"]
[SourceTitle "EXT 2020"]
[Source "ChessBase"]
[SourceDate "2019.10.17"]
[SourceVersion "1"]
[SourceVersionDate "2019.10.17"]
[SourceQuality "1"]
[WhiteTeam "Spartak"]
[BlackTeam "Avangard"]
[WhiteTeamCountry "URS"]
[BlackTeamCountry "URS"]

1. d4 Nf6 2. c4 e6 3. Nf3 b6 4. a3 Bb7 5. Nc3 d5 6. cxd5 Nxd5 (6... exd5 $143 {
Mochalov,E (2470)-Sturua,Z (2420) Cup URS (Team-II Group) 1980 1-0}) 7. e3 (7.
Qc2 {Devenu ensuite la ligne principale} c5 {Kasparov,G (2630)-Murey,J (2500)
Moscow Interzonal 1982 (3) 1-0}) 7... Be7 8. Bb5+ c6 9. Bd3 {[%cal Ge3e4,Gd3h7]
Après avoir provoqué c6, le B se recycler vers sa case idéale} O-O 10. e4 Nxc3
11. bxc3 c5 12. Be3 $146 ({RR} 12. h4 $5 cxd4 13. cxd4 Nc6 14. e5 Na5 15. Be3
g6 16. h5 Rc8 17. Qb1 g5 18. Bxh7+ Kh8 19. Be4 Ba6 20. Bd3 Nc4 21. O-O g4 22.
Nh2 Rg8 23. g3 Bg5 24. Bxg5 Qxg5 25. Qb4 Qxh5 26. Qe7 Kg7 {Timman,J (2625)
-Polugaevsky,L (2625)/Breda 1979/MCD/1-0 (46)}) (12. O-O {Plus courant} h6 {
Kasparov,G-Marjanovic,S (2505) Banja Luka 1979 (7) 1-0} (12... Nd7 13. Qe2) (
12... cxd4 13. cxd4 Nc6 14. Be3 Rc8 15. Qe2 Na5 {[%csl Gd4,Ge4][%cal Ga5c4,
Gd3h7]} 16. Rfe1 $36 {[%cal Ga1d1,Gd4d5] Les blancs ont un bon avantage
d'espace, des menaces au centre avec d4d5 et une bonne pression а l'aile-roi}))
12... Qc7 13. h4 $5 {Reprenant l'idée de TIMMAN contre Polou en retardant le
roque pour avoir un soutien de la R sur la colonne "h"} cxd4 (13... Nd7 14. Rc1
(14. h5) (14. e5 {[%cal Gd3h7,Gf3g5]} cxd4 15. cxd4 Qc3+ $1 16. Kf1 (16. Ke2 {
Le probléme des blancs n'est pas tellement le K déroqué mais plutôt le fait
qu'il bloque l'accès de la Q blanche а la case h5"}) 16... Rac8 17. Ng5 h6)) (
13... Nc6 14. h5) 14. cxd4 Qc3+ 15. Kf1 Rc8 (15... Nc6) (15... Nd7) 16. Ne5 $5
{[%cal Gd1h5,Ge5d3] Evite le thème tactique Qd3, suivi de l'enfilade Ba6 tout
en donnant l'accès de l'aile-roi а la Q} (16. h5 $5 h6 17. Rh3 Nc6 18. Rg3 Kf8
$1 (18... Kh8 $143 19. d5 $1 exd5 20. exd5 Ne5 (20... Na5 $4 21. Bd4 {[%cal
Gd4g7,Gd4c3]}) 21. Bd4 $3 Qxd3+ 22. Qxd3 Nxd3 23. Rxg7 {Le théme du tourniquet
et c'est d'ailleurs une des raisons pour lesquelles, Kf8 doit être plus sain
que Kh8} Bc5 24. Bf6 $1 Ba6 25. Rg4+ Kh7 26. Rg7+ {avec perpétuel})) (16. Rh3
$5 Qxd3+ $1 17. Qxd3 Ba6 18. Ke2 Rc3 {la position reste égale mais les
échanges favorisent les noirs qui ont intérêt а jouer une finale avec une
majorité а l'aile-dame.}) 16... Nc6 $6 17. Rc1 Nxe5 $3 18. Rxc3 Rxc3 19. dxe5
Rd8 $1 $44 20. Ke2 (20. Qg4 $5 Rdxd3 21. Bh6 Bf8 22. Rh3 Rxa3 23. Rxd3 Rxd3 24.
h5 {[%cal Gh6g7,Gh5h6]} Kh8 25. Qf4 $1 {[%csl Rf7]} Rd7 26. Bxg7+ $3 Bxg7 27.
h6 Bf8 28. Qf6+ Kg8 29. Qg5+ {ne donne que la nulle}) 20... Rxa3 21. Bc1 $6 (
21. Qc2 Rdxd3 (21... Raxd3 $2 22. Qxd3 Rxd3 23. Kxd3 Bd8 24. f3) 22. Qc7 (22.
Qxd3 Ba6 $1 {C'est la différence entre les deux variantes}) 22... Bxe4 23. Qxe7
Ra2+ 24. Ke1 Ra1+ 25. Ke2 {[%csl Re8] forçant а nouveau la répétition de coups
а cause de la menace de mat du couloir.}) 21... Ra2+ 22. Kf3 Ba6 $36 23. Bxa6
Rxd1 24. Rxd1 Rxa6 25. Rd7 Kf8 26. Rb7 Ke8 27. Rb8+ Kd7 28. Rb7+ Kd8 29. Rb8+
Kc7 30. Rg8 Ra1 31. Be3 b5 32. Rxg7 b4 33. Rxf7 Kd8 34. Bg5 (34. Bd4) 34...
Bxg5 35. hxg5 b3 36. Rb7 $2 {Une perte de temps importante probablement due au
zeinot} (36. Rxh7 $142 b2 37. g6 b1=Q 38. g7 Ra3+ 39. Kf4 Qc1+ 40. Kg4 Qd1+ 41.
Kg5 $1 $18 {[%cal Gg7g8]} (41. f3 $4 {retombe sur la partie après Rf3})) 36...
Ra3 37. Kf4 Kc8 38. Rxh7 b2 39. g6 b1=Q 40. g7 Qc1+ 41. Kg4 Qd1+ 42. f3 Rxf3 $3
43. gxf3 Qg1+ 44. Kh5 Qh2+ 45. Kg6 Qg3+ 46. Kf7 {[%mdl 512] Une superbe partie!
} 1/2-1/2

[Event "Rohde op 08th"]
[Site "Sautron"]
[Date "2008.10.27"]
[Round "3"]
[White "Spassov, Liuben"]
[Black "Lafuente, Pablo"]
[Result "1/2-1/2"]
[WhiteElo "2417"]
[BlackElo "2522"]
[Annotator "Primel,D"]
[PlyCount "118"]
[EventDate "2008.10.25"]
[EventType "swiss"]
[EventRounds "9"]
[EventCountry "FRA"]
[SourceTitle "EXT 2009"]
[Source "ChessBase"]
[SourceDate "2008.11.26"]
[SourceVersion "1"]
[SourceVersionDate "2008.11.26"]
[SourceQuality "1"]

1. d4 Nf6 2. c4 e6 3. Nf3 b6 4. Nc3 (4. a3 Ba6 (4... Bb7) (4... c5)) 4... Bb7
5. a3 $1 {L'ordre de coups des blancs pour jouer la variante PETROSSIAN permet
d'éviter la variante Ba6} d5 {Cette variante PETROSSIAN était trés populaire
au début des années 80, lorsque KASPAROV a commencé а la jouer en introduisant
des nouvelles idées dynamiques.} (5... g6 $5) 6. cxd5 Nxd5 (6... exd5 $143 {
Jouable mais c'est beaucoup plus statique et la pratique donne des bons
résultats aux blancs} 7. g3 Be7 8. Bg2 (8. Qa4+ $1 {[%csl Rc6]}) 8... O-O 9.
O-O c5 10. Bf4 (10. Be3 Re8 11. Qc2 $14 {Solozhenkin,E (2480)-Primel,D
Memorial Victor Syre 1993 (6) 1-0}) 10... Na6 11. Ne5 $14) 7. Qc2 Be7 (7...
Nxc3 {une simple interversion de coups}) 8. Bd2 O-O 9. e4 Nxc3 10. Bxc3 c5 (
10... Nd7 11. Rd1 (11. O-O-O $5)) 11. dxc5 bxc5 (11... Bxc5 $143 12. Bd3 (12.
Rd1 $36 {[%cal Gd1d8]}) 12... Nd7) 12. Rd1 $1 Qc7 (12... Qb6 13. Ne5 $1 {
[%cal Ge5c4,Gc4b6]} Bf6 14. Nc4 $14) 13. Bd3 Nd7 (13... Nc6) 14. O-O a5 $1 $146
{[%csl Rb4] Début d'un plan intéressant des noirs qui vont faire pression sur
la colonne "b" mais en contrepartie, la structure blanche est meilleure. Ce
plan semble être une idée nouvelle dans cette position selon les bases.} (14...
Bc6 {Recoulat,E (2267)-Lafuente,P (2455) Berazategui op 2007 (3) 0-1}) (14...
Rfd8 {plus courant}) 15. Rfe1 Bc6 $1 {[%csl Gb3][%cal Gf8b8,Gb8b2]} 16. Qe2
Rfb8 17. Bb1 Rb7 18. Qe3 Nb6 $1 {[%cal Gb6a4]} 19. Re2 Bb5 20. Bd3 Bxd3 21.
Qxd3 Na4 $132 22. Be5 Qc6 23. Rc1 (23. b3 c4 $1 24. bxc4 Rc8 $36) 23... Rd8 (
23... f6) 24. Qc2 Qb5 25. Rd2 Rxd2 (25... f6 $142 $1 {Cet ordre de coups était
meilleur car après l'échange de la Rd2, le Nd2 va défendre les cases "b3" et
"c4" et permettre de jouer le coup intermédiaire "b3"} 26. Bc3 Nxc3 27. Rxd8+
Bxd8 28. bxc3 Qb2 $15) 26. Nxd2 f6 27. b3 $1 {[%csl Gd2]} Nb6 28. Bf4 (28. a4
$142 $1 {[%csl Ra5] fixant la faiblesse "a5" avec gain de temps} Qc6 (28... Qa6
{[%csl Ra6]} 29. Bc3 $14 {[%csl Ra6]}) 29. Bc3 $14) 28... a4 $1 29. bxa4 Qxa4
30. Qxa4 (30. Qb2 {[%cal Gb2b7,Gd2c4]} Qc6) 30... Nxa4 31. f3 Rb2 $11 32. Kf1
Kf7 (32... g5) 33. Rc4 Nb6 34. Rc1 Ke8 35. Be3 Kd7 (35... Ra2 36. Nc4) 36. Rb1
Rxb1+ 37. Nxb1 Na4 38. Ke2 c4 39. Kd2 Kc6 40. Kc2 Kb5 41. h3 h5 42. g4 hxg4 43.
hxg4 g6 44. Bd4 f5 {Liquide l'aile-roi et la finale est maintenant nulle} 45.
exf5 exf5 $11 46. gxf5 gxf5 47. Kd2 Kc6 (47... Bd6 {[%csl Gf4][%cal Gd6f4,
Gf4d2]} 48. Kc2 Bf4) 48. Kc2 Kd5 49. Be3 Bd6 50. Kd2 Be5 51. Kc2 Bd4 52. Bd2
Bc5 53. Be1 Bd6 54. Bf2 Be7 55. Be3 Bf6 56. Bd2 Be7 57. Be1 Bc5 58. Bg3 Bd4 59.
Be1 Bb2 {[%mdl 8]} 1/2-1/2

[Event "Andorra op 18th"]
[Site "Andorra"]
[Date "2000.06.29"]
[Round "6"]
[White "Kuzmin, Alexey"]
[Black "Psakhis, Lev"]
[Result "0-1"]
[WhiteElo "2587"]
[BlackElo "2599"]
[Annotator "Psakhis,L"]
[PlyCount "108"]
[EventDate "2000.06.24"]
[EventType "swiss"]
[EventRounds "9"]
[EventCountry "AND"]
[SourceTitle "CBM 076 Extra"]
[Source "ChessBase"]
[SourceDate "2000.07.11"]
[SourceVersion "1"]
[SourceVersionDate "2000.07.11"]
[SourceQuality "1"]

1. d4 e6 2. c4 Nf6 3. Nf3 b6 4. a3 Bb7 5. Nc3 d5 6. Bg5 Be7 7. e3 O-O 8. Rc1
Nbd7 9. cxd5 exd5 10. Bd3 c5 11. O-O h6 (11... Rc8 12. Bf5 g6 13. Bh3 Ne4 14.
Nxe4 dxe4 15. Ne5 f5 16. Bh6 Re8 17. Qb3+ c4 18. Rxc4 Bd5 19. Rxc8 Bxb3 20.
Rxd8 Rxd8 21. Nc6 Re8 22. Nxa7 Be6 23. f3 Nf6 24. Nc6 Bd6 25. Bg5 Nd5 26. fxe4
fxe4 27. Bxe6+ Rxe6 28. Nd8 Re8 29. Nf7 Bb8 30. Nh6+ Kh8 31. Rc1 Rf8 32. Rc6
Re8 33. Rxb6 {1-0 Calleja,J-Guzman,N/Catalunya t-ch 1998 (33)}) (11... Ne4 12.
Bxe7 (12. Bf4 a6 13. Qc2 Ndf6 14. dxc5 Bxc5 15. Rfd1 Qe8 16. b4 Be7 17. Be2 Rc8
18. Qb2 b5 19. Nd4 Nd6 $13 {1/2-1/2 Genius-Kasparov,G/London 1994 (58)}) 12...
Qxe7 13. dxc5 bxc5 (13... Ndxc5 14. Nd4 Rac8 15. Nce2 g6 16. Bb1 Rfd8 17. Ba2
Qd7 18. h3 Ba6 19. b4 Na4 20. Rxc8 Rxc8 $36 {0-1 Piket,J-Kasparov,G/Wijk aan
Zee blitz 1999 (41)}) 14. Qc2 Ndf6 15. Rfd1 Rac8 16. Bxe4 dxe4 17. Nd2 Rfd8 18.
Nc4 Ba6 19. b3 Bxc4 20. bxc4 g6 $11 {0-1 Seirawan,Y-Gulko,B/USA-sf playoff g/
15 Salt Lake City 1999/CBM 73 (56)}) 12. Bh4 (12. Bf4 $5 Ne4 13. Bb1 Nxc3 14.
Rxc3 c4 15. Qc2 Nf6 16. Ne5 Re8 17. g4 b5 18. h4 b4 19. axb4 Bxb4 20. f3 Bxc3
21. bxc3 Kf8 22. g5 hxg5 23. hxg5 Nd7 24. Qh7 Nxe5 25. dxe5 $40 {1-0 Timman,
J-Huebner,R/Wijk 1975 (42)}) 12... Ne4 13. Bxe7 Qxe7 14. dxc5 $146 (14. Nd2
Rac8 15. Re1 Rfd8 16. f3 Nxc3 17. Rxc3 Qf6 18. dxc5 d4 19. Rc2 Nxc5 20. Nf1
dxe3 21. Rxe3 Ba6 22. Bxa6 Rxd1 23. Bxc8 Qd4 24. Rce2 Nd3 25. Bf5 Nf4 26. Kf2
g6 27. Bc2 Rc1 {0-1 Hoang-Peptan/Moscow olw 1994 (27)}) 14... Nxc3 (14... Ndxc5
$5) (14... bxc5 $5) 15. Rxc3 bxc5 16. Bf5 (16. b4 $5 c4 (16... d4 17. exd4 cxb4
18. Rc7 (18. axb4 Qxb4 19. Rb3 Bxf3) 18... Bxf3 19. Qxf3 Qd6 20. Qg3 $1) 17.
Bf5 Nf6 $13) 16... Nf6 17. Qa4 {[%cal Ga4a5]} g6 18. Bb1 a5 $1 19. Rfc1 Rfc8
$11 20. h3 Kg7 21. b3 $2 (21. Nd2 $5 c4 22. Nf3 Bc6 23. Qd1 a4 $13 {[%csl Rb2]}
) (21. Qh4 a4 $1) 21... d4 $1 {[%csl Ra4]} (21... Ne4 $2 22. Bxe4 Bc6 23. Qxc6
$1 Rxc6 24. Bxd5 Rac8 25. Bxc6 Rxc6 26. b4 $16) 22. exd4 Bc6 23. Qc4 Bxf3 24.
gxf3 (24. Rxf3 cxd4 25. Qf1 Qxa3 $17) 24... cxd4 25. Qxd4 Rxc3 26. Qxc3 (26.
Rxc3 $2 Rd8 $19) 26... Qxa3 27. Be4 Rb8 $36 {[%csl Rb3]} 28. Ra1 $5 (28. Bd5
Rb5 29. Bc4 Rg5+ 30. Kh1 Qc5 $17) 28... Qxb3 29. Qxb3 Rxb3 30. Rxa5 Nxe4 31.
fxe4 Rxh3 32. Kg2 Rd3 33. f3 (33. f4 $5) 33... h5 34. Kg3 Kf6 35. Ra6+ Ke5 36.
Ra5+ Ke6 37. Ra6+ Ke5 $138 38. Ra5+ Ke6 39. Ra6+ Rd6 40. Ra8 Rb6 41. Re8+ Kf6
42. e5+ Kg7 43. Kf4 (43. f4 $5 Rb3+ 44. Kg2 h4 45. Ra8 h3+ 46. Kh2 Rf3 $17)
43... Rb4+ 44. Kg5 (44. Kg3 $1 g5 $140 (44... h4+ 45. Kh3 g5 46. e6) 45. e6 f5
46. e7 $1) 44... Rb2 $1 45. Kh4 (45. e6 Rg2+ (45... Rb5+ 46. Kh4 (46. Kf4 g5+
47. Ke4 f5+ 48. Kd4 g4 (48... h4 49. e7))) 46. Kf4 (46. Kh4 f5) 46... h4 47.
exf7 Kxf7 48. Rh8 Kg7 49. Ra8 h3) 45... Re2 $1 46. f4 (46. Kg3 g5) 46... Re3 $1
$19 {[%cal Re3f3]} 47. f5 (47. Ra8 Rf3 48. Ra4 Kh6 49. Rb4 Rxf4+ 50. Rxf4 g5+
51. Kg3 gxf4+ 52. Kxf4 Kg6 $19) 47... Re4+ 48. Kg3 g5 49. Kh3 Rf4 50. f6+ Kg6
51. Rg8+ (51. Kg2 h4) 51... Kf5 52. Rg7 g4+ $1 53. Kg2 (53. Kh4 Rf3) 53... Ke6
54. Kg3 Rf5 0-1

[Event "Vlissingen HZ op 05th"]
[Site "Vlissingen"]
[Date "2001.08.01"]
[Round "6"]
[White "Piket, Jeroen"]
[Black "Psakhis, Lev"]
[Result "1-0"]
[WhiteElo "2630"]
[BlackElo "2566"]
[Annotator "Psakhis,L"]
[PlyCount "74"]
[EventDate "2001.07.28"]
[EventType "swiss"]
[EventRounds "9"]
[EventCountry "NED"]
[SourceTitle "CBM 083 Extra"]
[Source "ChessBase"]
[SourceDate "2001.09.11"]
[SourceVersion "1"]
[SourceVersionDate "2001.09.11"]
[SourceQuality "1"]

1. d4 e6 2. c4 Nf6 3. Nf3 b6 4. a3 Bb7 5. Nc3 d5 6. Bg5 Be7 7. Qa4+ Bc6 $6 (
7... Qd7 $5) (7... c6 $5) 8. Qb3 dxc4 9. Qxc4 O-O 10. Bxf6 $1 Bxf6 11. e4 Bb7 (
11... a6 $5 12. Rd1 b5 13. Qa2 Bb7 14. e5 Bg5 15. Bd3 Bxf3 16. gxf3 c5 17. Be4
Ra7 18. dxc5 Qc7 19. b4 Bf4 20. Qc2 h6 21. h4 Nd7 22. Ne2 Bxe5 {Van Wely,
L-Anand,V/Monaco Amber rapid 2001/The Week in Chess 333/1/2-1/2 (36)}) (11...
b5 12. Qd3 (12. Nxb5 Bxe4 13. Nxc7 Bd5 14. Nxd5 exd5 15. Qc2 Re8+ 16. Be2 Re6
17. Ne5 Bxe5 18. dxe5 Rxe5 19. O-O Nc6 20. Rad1 Qb6 $14 {1/2-1/2 Sadler,
M-Speelman,J/Hastings 74/(516) 1998 (41)}) 12... a6 13. h4 g6 14. h5 Nd7 15.
hxg6 hxg6 16. Qe3 Bg7 17. Ng5 e5 18. dxe5 Nxe5 19. f4 Nc4 20. Bxc4 bxc4 21. Qh3
{1/2-1/2 Sokolov,I-Almasi,Z/Dos Hermanas-A 2001/The Week in Chess 338 (21)})
12. e5 Be7 13. Rd1 Bxf3 $146 (13... c6 14. h4 Na6 15. Ng5 Nc7 16. Qd3 g6 17.
Qg3 h6 18. Nge4 Nd5 19. f4 Kg7 20. h5 g5 21. fxg5 Bxg5 22. Nxd5 cxd5 23. Nxg5
Qxg5 24. Qxg5+ hxg5 25. h6+ Kh8 26. Rc1 Rac8 {1-0 Bacrot,E-Beliavsky,A/Enghien
les Bains 1999/CBM 70/[Atlas,V] (43)}) (13... Bd5 14. Nxd5 exd5 15. Qb3) 14.
gxf3 {[%cal Gf3f5]} c6 15. f4 b5 16. Qd3 Nd7 (16... g6 17. Bg2 {[%cal Rg2a8]})
17. f5 $1 exf5 18. Bg2 Rc8 19. Qxf5 {[%cal Gd4d5]} Nb6 (19... g6 $5) 20. O-O
Qd7 (20... Nc4 $142 21. b3 $140 $5 Nxa3 22. d5 Qa5) 21. Qxd7 $1 Nxd7 22. Bh3
Rcd8 23. d5 $3 Nxe5 $138 (23... cxd5 24. Nxd5 Bh4 25. Bxd7 Rxd7 26. Nf6+ Bxf6
27. Rxd7 Bxe5 28. Rxa7 Bxb2 29. Rb1 $18) 24. f4 Nc4 25. dxc6 Nxb2 (25... Rxd1
$5 26. Rxd1 Nxb2 27. Rd5 (27. Rd7 Bc5+ 28. Kf1 Nc4 29. c7 Nb6) 27... Nc4 28. c7
Nb6 29. Rxb5 Bd6 30. Rxb6 axb6 31. c8=Q Rxc8 32. Bxc8 Bxa3) 26. Rxd8 Bxd8 27.
Nxb5 Bb6+ (27... a6 $5 28. Nc3 (28. c7 axb5 29. c8=Q Bb6+ 30. Kg2 Rxc8 31. Bxc8
Nc4 $14) 28... Bb6+ 29. Kh1 Rd8 30. Rb1 $16) 28. Kh1 Nc4 (28... g6 29. c7 f5
30. Rc1 Rc8 31. Bg2 Nd3 32. Bb7 Rxc7 33. Rxc7 Bxc7 34. Nxc7 Nxf4 35. Ba6 $1 {
[%csl Ra7]}) 29. Rb1 (29. Rc1 $5 a6 $8 30. Na7 $5 Nd6 (30... Bxa7 31. Rxc4 $18)
31. c7 Bxa7 32. Rc6 $3 Be3 (32... Nc8 33. Bxc8 Rxc8 34. Rd6 $18) 33. Rxd6 Bxf4
34. Rc6 Bxc7 35. Rxc7 $18 {[%cal Gh3f1,Gf1c4]}) 29... f5 (29... Ne3 30. Nxa7 $5
Bxa7 31. c7) 30. Bg2 Ne3 $8 31. Bf3 Rb8 $138 (31... a6 32. Nc3) (31... Rc8 32.
c7 Rxc7 33. Nxc7 Bxc7 34. Rb7 Bb6 35. h4 $18) 32. Rb3 $6 (32. Rc1 $18) 32... a6
$6 (32... Bc7 $1 33. Rxe3 Rxb5 34. Re7 Bxf4 35. c7 Bxc7 36. Rxc7 Ra5 37. h4 $16
) 33. Nd4 $1 $18 Kf7 34. h3 {[%cal Rb3b6]} (34. Rxb6 $4 Rxb6 35. c7 Rb1+) 34...
Ba7 (34... Ke7 35. Rxe3+) (34... g6 35. Rxb6 Rxb6 36. c7 Rb1+ 37. Kh2 Nf1+ 38.
Kg2 Ne3+ 39. Kf2 Rc1 40. Nc6 $18) 35. c7 Rc8 36. Nc6 Rxc7 37. Nxa7 Nc2 $138 (
37... Nc2 38. Nc6 $18) 1-0

[Event "Rubinstein Memorial 34th"]
[Site "Polanica Zdroj"]
[Date "1997.??.??"]
[Round "6"]
[White "Krasenkow, Michal"]
[Black "Psakhis, Lev"]
[Result "1/2-1/2"]
[WhiteElo "2645"]
[BlackElo "2565"]
[Annotator "Psakhis,L"]
[PlyCount "93"]
[EventDate "1997.08.19"]
[EventType "tourn"]
[EventRounds "11"]
[EventCountry "POL"]
[EventCategory "16"]
[SourceTitle "CBM 061"]
[Source "ChessBase"]
[SourceDate "1997.11.23"]
[SourceVersion "1"]
[SourceVersionDate "1997.11.23"]
[SourceQuality "1"]

1. Nf3 Nf6 2. c4 b6 3. Nc3 Bb7 4. d4 e6 5. a3 d5 6. Bf4 Bd6 (6... Be7 7. e3 O-O
8. cxd5 Nxd5 9. Nxd5 Bxd5 10. Bd3 Nd7 11. Qc2 c5 12. Bxh7+ Kh8 13. Be4 $16 {
1-0 Nenashev,A-Angelis,M/Ano Liosia op 1996 (57)}) 7. Bg3 (7. Bxd6 cxd6 (7...
Qxd6 $5) 8. e3 O-O 9. cxd5 Nxd5 10. Nxd5 Bxd5 11. Bd3 Nd7 12. Qa4 e5 13. Be2
Qe7 $11 {1/2-1/2 Dankert,P-Mamann,U/BL 1983 (46)}) 7... O-O 8. e3 c5 (8... Ne4
$5 9. cxd5 Nxc3 10. bxc3 exd5 11. Bd3 c5 {1-0 Herzog,A-Siegmund,R/Velden op
1996 (29)}) 9. dxc5 bxc5 (9... Bxg3 $5 10. hxg3 bxc5 11. Bd3 Nbd7) 10. Qb3 {N}
(10. Be2 Qe7 $5 (10... Nc6 $6 11. cxd5 exd5 12. Nxd5 Bxg3 13. Nxf6+ Qxf6 14.
hxg3 Qxb2 15. Rb1 Qc3+ 16. Qd2 Qxd2+ 17. Kxd2 Rfd8+ 18. Kc3 Rab8 19. Rh5 $16 {
1-0 Nenashev,A-Momeni,H/Dubai Asian Cities 1996 (60)}) 11. Bxd6 Qxd6 12. e4
Nbd7 $11) 10... Bc6 11. Rd1 (11. O-O-O $5 Qe7 12. Bxd6 (12. e4 Bxg3 13. hxg3 d4
14. e5 Ng4) 12... Qxd6 $13 13. e4 $140 $2 Qf4+) 11... Bxg3 12. hxg3 Nbd7 13. g4
(13. Qc2 Qa5 14. Bd3 h6 $15) 13... h6 14. g5 (14. cxd5 exd5 15. g5 hxg5 16.
Nxg5 Qa5) 14... hxg5 15. Nxg5 Qa5 $1 16. Qc2 $2 (16. Nf3 $142 Rfb8 17. Qc2 Rb6
$15) 16... d4 $1 $19 17. Bd3 (17. exd4 cxd4 18. Rxd4 Qxg5 $19) 17... Rfb8 (
17... Rfd8 $5 18. Bh7+ Kf8 19. exd4 (19. Qd2 Ne5 $1 20. Nce4 Qxd2+ 21. Rxd2
dxe3 22. fxe3 Nxc4 $19) 19... cxd4 20. Nxf7 (20. Nxe6+ fxe6 21. Rxd4 Ne5 $19)
20... Kxf7 21. Qg6+ Kf8 22. Rxd4 Ne5 $19) 18. Bh7+ Kf8 19. Qd2 $1 e5 $2 (19...
dxc3 $2 20. Qd6+ Ke8 21. b4 $1 cxb4 22. Bg6 $1 $18) (19... Bxg2 20. Rh2) (19...
Ne5 $5 20. exd4 (20. Nce4 Qxd2+ 21. Rxd2 Nxc4 22. Rc2 Rxb2 $19) 20... Nxc4 21.
Qe2 Nxb2 $19) 20. Be4 (20. Bf5 $5) (20. Bg6 $5 fxg6 21. Rh8+ Ng8 22. Nh7+ Kf7
23. Ng5+ Kf8 (23... Ke7 $2 24. Nd5+ $18) 24. Nh7+ $11) 20... Nxe4 $1 21. Ngxe4
(21. Rh8+ $2 Ke7 22. Nd5+ Bxd5 23. Qxa5 Rxh8 24. cxd5 Nxg5 $19) 21... Kg8 $5
$138 (21... Rxb2 22. Qxb2 (22. Rh8+ $2 Ke7 23. Nd5+ Bxd5 24. Qxa5 Rxh8 25. Ng3
Bxc4 $19) (22. Nd5 Qxd2+ 23. Rxd2 Rb1+) 22... Bxe4 23. exd4 exd4 24. Qd2 $1)
22. exd4 $2 (22. Nd5 Qxd2+ 23. Rxd2 Bxd5 24. cxd5 Rb3 25. Ke2 Rab8 26. Rc1 $11)
22... cxd4 23. Qg5 (23. Nd5 $142 $5 Qxd2+ 24. Rxd2 Bxd5 25. cxd5 Nb6 $17) 23...
Bxe4 $1 (23... dxc3 $2 24. Rxd7 Bxe4 (24... c2+ 25. Ke2 c1=N+ 26. Kf1) 25. Qh5
c2+ 26. Ke2 c1=N+ 27. Kf1 Bd3+ 28. Rxd3 $18) 24. b4 (24. Qh4 f5 25. Qh7+ Kf7
26. Qh5+ Ke6 $1 $19) 24... Rxb4 $2 $138 (24... Qxa3 $1 25. Nxe4 Qxb4+ 26. Nd2 (
26. Kf1 Qxc4+ 27. Kg1 Rb6 $1 $19) 26... Rb6 27. Qf5 Nf8 $19) 25. Nxe4 $1 (25.
Qh4 f5 $1) 25... Rb1+ (25... Rxc4+ 26. Kf1 Rc6 27. Qf5 Nf8 $19) 26. Ke2 Rxd1
27. Rxd1 Qa4 $6 (27... Qa6 $1 28. Rc1 Rc8 $19) 28. Nd6 $1 Qc6 29. Qe7 Rf8 30.
Rh1 Nf6 31. Qxe5 Qxg2 32. Rh2 Qg4+ (32... Qg1 $5 33. Qg3 $1) 33. f3 d3+ (33...
Qg1 $1 34. Kd2 Rb8 35. Nb5 Re8 $19) 34. Ke3 Qg1+ 35. Kxd3 Rb8 36. Nb5 Rd8+ (
36... Qd1+ 37. Rd2 Rd8+ 38. Nd6 Qxf3+) 37. Nd6 $138 (37. Kc2 $5) 37... Qd1+ 38.
Rd2 Qxf3+ 39. Kc2 Qc6 $2 (39... Qxa3 $1 40. c5 (40. Qe7 Rd7) 40... Nd7 41. Qe7
Qxc5+ 42. Kd1 Qg1+ 43. Kc2 Qg6+ 44. Kd1 Qf6 $19) 40. Rd4 Qa4+ 41. Kb2 Qc6 (
41... Rb8+ 42. Nb5 Re8 $19) 42. c5 Rb8+ $2 (42... a5 $142 $1 43. Nf5 $140 Qg2+
44. Kb3 Qf3+ 45. Ka4 Re8 46. Ne7+ Kf8 $19) 43. Rb4 $44 Qg2+ 44. Kb3 Qf3+ 45.
Ka4 Qc6+ 46. Kb3 Qf3+ 47. Ka4 1/2-1/2

[Event "Rohde op 09th"]
[Site "Sautron"]
[Date "2009.10.26"]
[Round "4"]
[White "Cabrera Pino, Alexis"]
[Black "Delorme, Axel"]
[Result "1/2-1/2"]
[WhiteElo "2529"]
[BlackElo "2442"]
[Annotator "RR"]
[PlyCount "56"]
[EventDate "2009.10.24"]
[EventType "swiss"]
[EventRounds "9"]
[EventCountry "FRA"]
[SourceTitle "EXT 2010"]
[Source "ChessBase"]
[SourceDate "2010.11.25"]
[SourceVersion "1"]
[SourceVersionDate "2010.11.25"]
[SourceQuality "1"]

1. d4 Nf6 2. c4 e6 3. Nc3 Bb4 4. Nf3 b6 5. Bg5 Bb7 6. Nd2 (6. e3 {La grande
ligne}) 6... c5 7. d5 $1 h6 (7... Bxc3 8. bxc3 h6 9. Bh4 d6 10. e4 e5 11. Bd3
Nbd7 12. f3 {Moiseenko,A (2653)-Panchanathan,M (2482) Dallas UTD 2004 (5) 1/2})
8. Bh4 Bxc3 9. bxc3 d6 10. e4 e5 11. Bd3 Nbd7 12. Bc2 Qe7 13. Ba4 $1 $146 {
[%cal Ga4e8]} (13. Nf1 Qf8 {Khenkin,I (2603)-Alsheimer,C (2060) Bayern-chI
Bank Hofmann 9th 2005 (1) 1-0} (13... Kd8 14. Ne3 Kc7 15. f3 {Roktim,B (2380)
-Venkatesh,M (2431) Asia-ch 5th Hyderabad 2005 (5) 1/2})) 13... Kd8 $1 {
[%cal Gd8c7] Comme dans la variante de Leningrad, le K noir va trouver refuge
а l'aile-dame} (13... g5 $5 14. Bg3 O-O-O) 14. Bxd7 $1 {Dans cette position
fermée, l'échange du mauvais B contre un N avantage les blancs} Kxd7 15. Bxf6
$5 {Dans ce genre de structure, les blancs attaquent souvent avec la poussée
a5 et une des ressources habituelles des noirs est de bloquer la faiblesse a4
en poussant a5. Le Pb6 sera ensuite soutenu par Nf6d7. C'est pourquoi, il est
important d'éliminer ce défenseur.} Qxf6 16. Qb3 $6 (16. a4 a5 (16... Rhb8 17.
a5 $14) 17. Rb1 Kc7 (17... Ra6 18. Nf1 {[%csl Gf5][%cal Gf1e3,Ge3f5,Gf1g3]} (
18. O-O)) 18. Qb3 Ra6) (16. O-O $142 {Plus simple car les blancs ont plus
d'espace et l'ouverture de la colonne "f" est une option supplémentaire} Kc7 (
16... Rhb8 17. a4 (17. f4 exf4 18. Qg4+ Ke8 19. Rxf4) 17... a5 (17... Kc7 18.
a5 $36) 18. Rb1)) 16... Kc7 17. Rb1 Rhb8 18. a4 Bc8 19. a5 Qg6 (19... bxa5 20.
Qa4 Rxb1+ 21. Nxb1 Kd8 22. Qxa5+ Ke8) 20. Ke2 f5 $132 21. Ra1 Bd7 (21... fxe4)
22. Rhb1 bxa5 23. Qc2 a4 (23... Rxb1 24. Rxb1 Qxg2 $17) 24. exf5 Bxf5 25. Qxa4
Bxb1 26. Qc6+ Kd8 27. Qa4 Qg4+ 28. Ke3 Qd7 {suite illisible et nulle 66ème coup
} 1/2-1/2